000 00590nam a2200229Ia 4500
003 OSt
005 20220924152326.0
006 a|||||r|||| 00| 0
007 ta
008 220923b |||||||| |||| 00| 0 mar d
024 _a342029
037 _cTextual
040 _aARTS
_cARTS
_bmar
041 _2mar
_amar
082 _aO155,3N313,E, L1
100 _aKanhade Sada
_9225686
245 0 _aEkaa sparshvachi dairy
260 _c1971
650 _aMARATHI LITERATURE
_938000
942 _hO155,3N313,E, L1
_cTEXL
_2CC
999 _c469472
_d469472